हिमाचल प्रदेश के ब्रज कवि / (Record no. 111987)

MARC details
000 -LEADER
fixed length control field 01195nam a22002777a 4500
005 - DATE AND TIME OF LATEST TRANSACTION
control field 20170124102932.0
010 ## - LIBRARY OF CONGRESS CONTROL NUMBER
LC control number A-426112
020 ## - INTERNATIONAL STANDARD BOOK NUMBER
Terms of availability 60.00
035 ## - SYSTEM CONTROL NUMBER
System control number A-426112
037 ## - SOURCE OF ACQUISITION
Source of stock number/acquisition Cen Lib/Ret
040 ## - CATALOGING SOURCE
Original cataloging agency DPL
Language of cataloging HN
082 ## - DEWEY DECIMAL CLASSIFICATION NUMBER
Classification number 821.09
Item number मनोह
100 ## - MAIN ENTRY--PERSONAL NAME
Personal name मनोहरलाल
9 (RLIN) 4570
245 ## - TITLE STATEMENT
Title हिमाचल प्रदेश के ब्रज कवि /
Statement of responsibility, etc मनोहरलाल
246 ## - VARYING FORM OF TITLE
Title proper/short title Himachal pradeshke brij kavi
Remainder of title by Manoharlal
260 ## - PUBLICATION, DISTRIBUTION, ETC. (IMPRINT)
Place of publication, distribution, etc नई दिल्ली
Name of publisher, distributor, etc पुस्तकायन
Date of publication, distribution, etc 1987
270 ## - ADDRESS
Address 2/424,A-अंसारी रोड
City नई दिल्ली
Postal code 110002
300 ## - PHYSICAL DESCRIPTION
Extent 192पृष्ठ.
Dimensions 20सेमी (सजिल्द )
500 ## - GENERAL NOTE
General note सहायक ग्रन्थ हिंदी
650 ## - SUBJECT ADDED ENTRY--TOPICAL TERM
Topical term or geographic name as entry element हिंदी साहित्य
9 (RLIN) 45356
650 ## - SUBJECT ADDED ENTRY--TOPICAL TERM
Topical term or geographic name as entry element आधुनिक काल -साहित्यिक ब्रजभाषा (हिमाचल प्रदेश )
9 (RLIN) 45357
650 ## - SUBJECT ADDED ENTRY--TOPICAL TERM
Topical term or geographic name as entry element Hindi literature
9 (RLIN) 45358
650 ## - SUBJECT ADDED ENTRY--TOPICAL TERM
Topical term or geographic name as entry element Modern day -sahityik braj language(Himachal-pradesh )
9 (RLIN) 45359
700 ## - ADDED ENTRY--PERSONAL NAME
9 (RLIN) 7856
942 ## - ADDED ENTRY ELEMENTS (KOHA)
Source of classification or shelving scheme Dewey Decimal Classification
Koha item type Hindi Books
Classification part 821.08
Call number suffix मनोह
Holdings
Withdrawn status Lost status Damaged status Not for loan Home library Current library Date acquired Source of acquisition Cost, normal purchase price Total Checkouts Full call number Barcode Date last seen Copy number Cost, replacement price Price effective from Koha item type
        Central Library Central Library 06/08/2015 Cen Lib/Ret 60.00   821.09 मनोह A-426112 06/08/2015 1 60.00 06/08/2015 Hindi Books

© Delhi Public Library
Hit Counter
free hit counter